Minicentrales hidroeléctricas : evaluación preliminar
Spremljeno u:
| Glavni autor: | |
|---|---|
| Format: | Knjiga |
| Jezik: | Undetermined |
| Izdano: |
San José, C.R. : ICE, Dirección de Planificación Eléctrica, Departamento de Estudios Especiales,
1981
|
| Teme: | |
| Oznake: |
Dodaj oznaku
Bez oznaka, Budi prvi tko označuje ovaj zapis!
|
MARC
| LEADER | 00000nam a2200000Ia 4500 | ||
|---|---|---|---|
| 003 | 000509 | ||
| 005 | 20221231143949.0 | ||
| 008 | 140114s9999 xx 000 0 und d | ||
| 040 | |c cru CEDI | ||
| 082 | |a 621.312.134 V184m | ||
| 100 | |a Valverde, Jorge E. |9 19478 | ||
| 245 | |a Minicentrales hidroeléctricas : evaluación preliminar | ||
| 260 | |a San José, C.R. : ICE, Dirección de Planificación Eléctrica, Departamento de Estudios Especiales, |c 1981 | ||
| 300 | |a [58] páginas ; 28 cm | ||
| 650 | |x CENTRALES HIDROELECTRICAS |9 19479 | ||
| 942 | |2 ddc |c BK | ||
| 999 | |c 14898 |d 14898 | ||
